[Event "Regency Masters 6th"]
[Site "Ramsgate"]
[Date "1984.12.14"]
[Round "7"]
[White "Knoppert, Erik GJ"]
[Black "Hebden, Mark L"]
[Result "1/2-1/2"]
[WhiteElo "2260"]
[BlackElo "2480"]
[PlyCount "110"]
[EventDate "1984.12.08"]
[EventType "swiss"]
[EventRounds "9"]
[EventCountry "ENG"]
[SourceTitle "BritBase"]
[Source "John Saunders"]
[SourceDate "2020.09.07"]
[SourceVersion "1"]
[SourceVersionDate "2020.09.07"]
[SourceQuality "2"]

1. d4 Nf6 2. Nf3 d6 3. g3 g6 4. Bg2 Bg7 5. O-O O-O 6. c4 Nc6 7. Nc3 a6 8. b3
Rb8 9. Bb2 b5 10. cxb5 axb5 11. Rc1 Nb4 12. Ne1 Nd7 13. Nd3 Nxd3 14. Qxd3 c5
15. dxc5 Nxc5 16. Qd2 Qa5 17. Rfd1 Re8 18. Bc6 Bd7 19. Bxd7 Nxd7 20. Nd5 Qxa2
21. Bxg7 Qxd2 22. Rxd2 Kxg7 23. Rc7 Rbd8 24. Rb7 Nc5 25. Rxb5 Rc8 26. f3 e6 27.
Nb6 Rc6 28. Na4 Nd7 29. Kf2 Rec8 30. Rb7 Ne5 31. h3 g5 32. Nb6 Rd8 33. f4 gxf4
34. gxf4 Ng6 35. e3 d5 36. Nd7 Rd6 37. Ne5 Nxe5 38. fxe5 R6d7 39. Rb4 Rc7 40.
Kf3 Rc3 41. Rg2+ Kf8 42. Rgg4 d4 43. Rgxd4 Rxd4 44. Rxd4 Rxb3 45. Rh4 Kg7 46.
Rg4+ Kh8 47. Rf4 Rb1 48. Kg3 Rb7 49. Kh4 Kg7 50. Kh5 Rb5 51. Rg4+ Kf8 52. Rg5
Rb4 53. Rg4 Rb5 54. Rg5 Rb4 55. Rg4 Rb5 1/2-1/2

[Event "Regency Masters 6th"]
[Site "Ramsgate"]
[Date "1984.12.14"]
[Round "7"]
[White "Littlewood, Paul E"]
[Black "Grooten, Herman"]
[Result "0-1"]
[WhiteElo "2435"]
[BlackElo "2310"]
[PlyCount "108"]
[EventDate "1984.12.08"]
[EventType "swiss"]
[EventRounds "9"]
[EventCountry "ENG"]
[SourceTitle "BritBase"]
[Source "John Saunders"]
[SourceDate "2020.09.07"]
[SourceVersion "1"]
[SourceVersionDate "2020.09.07"]
[SourceQuality "2"]

1. d4 Nf6 2. c4 e6 3. Nf3 b6 4. e3 Bb7 5. Bd3 d5 6. O-O Bd6 7. b3 O-O 8. Bb2 c5
9. Nc3 cxd4 10. exd4 Ne4 11. Qe2 Nxc3 12. Bxc3 Nd7 13. Rac1 Qe7 14. Rfe1 Rfd8
15. Bd2 dxc4 16. bxc4 Bxf3 17. Qxf3 Qh4 18. Be4 Rac8 19. g3 Qf6 20. Qg4 h6 21.
Re3 Qe7 22. Bd3 Bb4 23. Bxb4 Qxb4 24. a3 Qa4 25. Rf3 Nf8 26. Qf4 Qd7 27. Rd1
Qc7 28. Qh4 Rd6 29. Qh5 Rcd8 30. Rf4 Qe7 31. h4 e5 32. Qe2 Re6 33. dxe5 Rxe5
34. Qf3 Ne6 35. Re4 Rxe4 36. Qxe4 Qxa3 37. Qh7+ Kf8 38. Kg2 Rd4 39. Be2 Rxd1
40. Bxd1 Qc5 41. Qe4 a5 42. Bf3 g6 43. Qa8+ Kg7 44. Bd5 Nc7 45. Qb7 Nxd5 46.
cxd5 a4 47. g4 a3 48. Qa8 Qa5 49. Qd8 a2 50. g5 hxg5 51. h5 a1=Q 52. h6+ Kxh6
53. Qf8+ Qg7 54. Qd6 Kh7 0-1

[Event "Regency Masters 6th"]
[Site "Ramsgate"]
[Date "1984.12.14"]
[Round "7"]
[White "Martin, Andrew D"]
[Black "Carlier, Bruno"]
[Result "1/2-1/2"]
[WhiteElo "2445"]
[BlackElo "2230"]
[PlyCount "27"]
[EventDate "1984.12.08"]
[EventType "swiss"]
[EventRounds "9"]
[EventCountry "ENG"]
[SourceTitle "BritBase"]
[Source "John Saunders"]
[SourceDate "2020.09.07"]
[SourceVersion "1"]
[SourceVersionDate "2020.09.07"]
[SourceQuality "2"]

1. d4 Nf6 2. c4 e6 3. Nc3 Bb4 4. e3 c5 5. a3 Bxc3+ 6. bxc3 Nc6 7. Bd3 O-O 8.
Ne2 b6 9. e4 Ne8 10. O-O Ba6 11. f4 f5 12. exf5 exf5 13. Ng3 g6 14. Be3 1/2-1/2

[Event "Regency Masters 6th"]
[Site "Ramsgate"]
[Date "1984.12.14"]
[Round "7"]
[White "Mednis, Edmar J"]
[Black "Hanreck, Alan E"]
[Result "1/2-1/2"]
[WhiteElo "2460"]
[BlackElo "2275"]
[PlyCount "34"]
[EventDate "1984.12.08"]
[EventType "swiss"]
[EventRounds "9"]
[EventCountry "ENG"]
[SourceTitle "BritBase"]
[Source "John Saunders"]
[SourceDate "2020.09.07"]
[SourceVersion "1"]
[SourceVersionDate "2020.09.07"]
[SourceQuality "2"]

1. e4 c5 2. Nf3 d6 3. d4 cxd4 4. Nxd4 Nf6 5. Nc3 a6 6. Be2 e5 7. Nb3 Be7 8. O-O
O-O 9. Be3 Nbd7 10. a4 b6 11. Bc4 Bb7 12. f3 Qc7 13. Qe2 Rfc8 14. Nd2 d5 15.
Nxd5 Nxd5 16. exd5 Nf6 17. Bb3 Bxd5 1/2-1/2

[Event "Regency Masters 6th"]
[Site "Ramsgate"]
[Date "1984.12.14"]
[Round "7"]
[White "Menadue, Jeremy FS"]
[Black "Singh, PK.."]
[Result "1/2-1/2"]
[WhiteElo "2050"]
[BlackElo "2260"]
[PlyCount "65"]
[EventDate "1984.12.08"]
[EventType "swiss"]
[EventRounds "9"]
[EventCountry "ENG"]
[SourceTitle "BritBase"]
[Source "John Saunders"]
[SourceDate "2020.09.07"]
[SourceVersion "1"]
[SourceVersionDate "2020.09.07"]
[SourceQuality "2"]

1. d4 Nf6 2. c4 e6 3. Nf3 c5 4. d5 b5 5. Bg5 h6 6. Bxf6 Qxf6 7. Nc3 a6 8. cxb5
d6 9. e3 Be7 10. bxa6 O-O 11. Be2 Nxa6 12. O-O Nc7 13. e4 exd5 14. exd5 Bf5 15.
Nd2 Rfb8 16. Nc4 Qg6 17. Bh5 Qg5 18. f4 Qh4 19. Ne3 Bd7 20. g3 Qf6 21. Qd2 Qd4
22. Rad1 Bf6 23. Qf2 Rxb2 24. Ne2 Qb4 25. g4 Raxa2 26. g5 Bd4 27. gxh6 g6 28.
Rxd4 cxd4 29. Qh4 Rxe2 30. Bxg6 fxg6 31. h7+ Kh8 32. Qf6+ Kxh7 33. Qf7+ 1/2-1/2

[Event "Regency Masters 6th"]
[Site "Ramsgate"]
[Date "1984.12.14"]
[Round "7"]
[White "Peelen, Piet"]
[Black "Lengyel, Levente"]
[Result "1/2-1/2"]
[WhiteElo "2240"]
[BlackElo "2400"]
[PlyCount "55"]
[EventDate "1984.12.08"]
[EventType "swiss"]
[EventRounds "9"]
[EventCountry "ENG"]
[SourceTitle "BritBase"]
[Source "John Saunders"]
[SourceDate "2020.09.07"]
[SourceVersion "1"]
[SourceVersionDate "2020.09.07"]
[SourceQuality "2"]

1. c4 Nf6 2. Nc3 c5 3. g3 d5 4. cxd5 Nxd5 5. Bg2 e6 6. Nf3 Nc6 7. O-O Nf6 8. b3
Be7 9. Bb2 O-O 10. Rc1 Qa5 11. Qc2 Bd7 12. Qb1 h6 13. Rfd1 Rac8 14. e3 Rfd8 15.
d4 cxd4 16. Nxd4 Nxd4 17. Rxd4 Bc6 18. Rxd8+ Qxd8 19. Bxc6 Rxc6 20. Nb5 Rxc1+
21. Qxc1 a6 22. Nd4 Nd5 23. Qd2 Bf6 24. e4 Ne7 25. Bc3 Qc7 26. Kg2 b5 27. Qe3
Qb6 28. Qd2 1/2-1/2

[Event "Regency Masters 6th"]
[Site "Ramsgate"]
[Date "1984.12.14"]
[Round "7"]
[White "Pliester, Leon"]
[Black "Wright, Josie H"]
[Result "1-0"]
[WhiteElo "2335"]
[BlackElo "1900"]
[PlyCount "89"]
[EventDate "1984.12.08"]
[EventType "swiss"]
[EventRounds "9"]
[EventCountry "ENG"]
[SourceTitle "BritBase"]
[Source "John Saunders"]
[SourceDate "2020.09.07"]
[SourceVersion "1"]
[SourceVersionDate "2020.09.07"]
[SourceQuality "2"]

1. c4 Nf6 2. Nf3 g6 3. g3 Bg7 4. Bg2 O-O 5. O-O d6 6. Nc3 c6 7. Ne1 e5 8. d3
Na6 9. Rb1 Nc7 10. b4 d5 11. cxd5 cxd5 12. Bb2 Qd6 13. Nc2 b5 14. e4 Rb8 15.
exd5 Nfxd5 16. Ne4 Qe7 17. Nc5 Rd8 18. Re1 Qd6 19. Qe2 f6 20. a3 Nb6 21. Rbd1
Re8 22. Ne3 Ne6 23. Nxe6 Qxe6 24. d4 exd4 25. Bxd4 a6 26. Qd2 Qd6 27. Qb2 Bb7
28. Bc5 Qc7 29. Bd6 Qf7 30. Bxb8 Bxg2 31. Kxg2 Rxb8 32. Rd6 f5 33. Qd2 Bf8 34.
Rd8 Rxd8 35. Qxd8 Qb7+ 36. f3 Kg7 37. Rc1 Nc4 38. Nxc4 bxc4 39. Rxc4 Kg8 40.
Rc8 Qf7 41. a4 f4 42. Qxf8+ Qxf8 43. Rxf8+ Kxf8 44. b5 axb5 45. a5 1-0

[Event "Regency Masters 6th"]
[Site "Ramsgate"]
[Date "1984.12.14"]
[Round "7"]
[White "Povah, Nigel Edward"]
[Black "Shamkovich, Leonid"]
[Result "1/2-1/2"]
[WhiteElo "2355"]
[BlackElo "2455"]
[PlyCount "78"]
[EventDate "1984.12.08"]
[EventType "swiss"]
[EventRounds "9"]
[EventCountry "ENG"]
[SourceTitle "BritBase"]
[Source "John Saunders"]
[SourceDate "2020.09.07"]
[SourceVersion "1"]
[SourceVersionDate "2020.09.07"]
[SourceQuality "2"]

1. d4 Nf6 2. c4 g6 3. Nc3 Bg7 4. e4 d6 5. f4 c5 6. d5 e6 7. Nf3 O-O 8. Be2 exd5
9. e5 dxe5 10. fxe5 Ng4 11. Bg5 f6 12. exf6 Bxf6 13. Bxf6 Nxf6 14. cxd5 Bf5 15.
O-O Nbd7 16. Qd2 Qb6 17. Kh1 Qd6 18. Rad1 a6 19. a4 Rae8 20. Bc4 Ng4 21. Rde1
Nde5 22. Nxe5 Nxe5 23. b3 Rf7 24. Qf4 Rfe7 25. g4 Bc2 26. Ne4 Bxe4+ 27. Rxe4
Nf7 28. Re6 Qxf4 29. Rxf4 Rxe6 30. dxe6 Nd6 31. Bd5 Kg7 32. Rf3 b5 33. axb5
axb5 34. Kg2 g5 35. Rc3 Rc8 36. e7 c4 37. bxc4 bxc4 38. Bxc4 Ne8 39. Rc2 Rc7
1/2-1/2

[Event "Regency Masters 6th"]
[Site "Ramsgate"]
[Date "1984.12.14"]
[Round "7"]
[White "Solomon, Stephen J"]
[Black "Grimberg, Gilbert"]
[Result "1-0"]
[WhiteElo "2250"]
[BlackElo "2225"]
[PlyCount "91"]
[EventDate "1984.12.08"]
[EventType "swiss"]
[EventRounds "9"]
[EventCountry "ENG"]
[SourceTitle "BritBase"]
[Source "John Saunders"]
[SourceDate "2020.09.07"]
[SourceVersion "1"]
[SourceVersionDate "2020.09.07"]
[SourceQuality "2"]

1. e4 c5 2. Nf3 d6 3. d4 cxd4 4. Nxd4 Nf6 5. Nc3 a6 6. Bg5 e6 7. f4 Qb6 8. Nb3
Be7 9. Qd2 Qc7 10. Bd3 Nbd7 11. O-O h6 12. Bxf6 Bxf6 13. e5 dxe5 14. f5 Nc5 15.
Nxc5 Qxc5+ 16. Kh1 exf5 17. Bxf5 Bxf5 18. Rxf5 Rd8 19. Qe2 Rd4 20. Ne4 Qd5 21.
Re1 Ke7 22. c3 Rd3 23. Ref1 Rd8 24. c4 Qc6 25. h3 R8d4 26. Nxf6 gxf6 27. Rxf6
Qxf6 28. Rxf6 Kxf6 29. Qh5 e4 30. Qxh6+ Ke5 31. Qh8+ Kd6 32. Qd8+ Ke6 33. Qb6+
Rd6 34. Qxb7 e3 35. c5 R6d5 36. Qc8+ Ke7 37. Qg4 Re5 38. Qh4+ Ke6 39. Qc4+ Rdd5
40. c6 e2 41. c7 e1=Q+ 42. Kh2 Kf6 43. c8=Q Qf2 44. Qh8+ Ke6 45. Qcc8+ Rd7 46.
Qc6+ 1-0

[Event "Regency Masters 6th"]
[Site "Ramsgate"]
[Date "1984.12.14"]
[Round "7"]
[White "Teichmann, Erik OMC"]
[Black "Crawley, Gavin"]
[Result "1/2-1/2"]
[WhiteElo "2285"]
[BlackElo "2300"]
[PlyCount "139"]
[EventDate "1984.12.08"]
[EventType "swiss"]
[EventRounds "9"]
[EventCountry "ENG"]
[SourceTitle "BritBase"]
[Source "John Saunders"]
[SourceDate "2020.09.07"]
[SourceVersion "1"]
[SourceVersionDate "2020.09.07"]
[SourceQuality "2"]

1. Nf3 Nf6 2. c4 e6 3. g3 d5 4. d4 dxc4 5. Bg2 a6 6. O-O Be7 7. Ne5 O-O 8. Nc3
Nc6 9. Bxc6 bxc6 10. Nxc6 Qd7 11. Nxe7+ Qxe7 12. Qa4 Rb8 13. Qxc4 Rb4 14. Qd3
Rd8 15. e3 e5 16. b3 e4 17. Qd2 Rb6 18. f3 exf3 19. Rxf3 Bb7 20. Rf4 g5 21. Rf2
Ne4 22. Nxe4 Qxe4 23. Kf1 a5 24. Ke1 Ba6 25. Kd1 c5 26. Qxa5 Rbd6 27. Qxc5 Rd5
28. Qa7 Bb7 29. Re2 Qd3+ 30. Bd2 Rb5 31. d5 Rbxd5 32. Ke1 Ba6 33. Rf2 Rf5 34.
Qxa6 Qxa6 35. Rxf5 h6 36. Rf2 Qa8 37. Ke2 Qa3 38. Bc3 Qa6+ 39. Ke1 Qc6 40. Bb2
Qe4 41. Kf1 Qxe3 42. Re1 Qd3+ 43. Kg1 Rc8 44. Ba1 Ra8 45. b4 Qc4 46. Ree2 Qxb4
47. Bf6 Rc8 48. h4 Qb1+ 49. Kh2 g4 50. Rb2 Qc1 51. Be5 f5 52. Bf4 Qe1 53. Rbe2
Qa1 54. Be5 Qb1 55. Rb2 Qd3 56. Rbd2 Qe4 57. Rfe2 Qb1 58. Rb2 Qf1 59. Bf4 h5
60. Rf2 Qa1 61. Rb8 Rxb8 62. Bxb8 Kg7 63. Bf4 Kf6 64. Kg2 Ke6 65. Rd2 Qe1 66.
Rd6+ Ke7 67. Rd2 Qe4+ 68. Kh2 Qe1 69. Kg2 Qb1 70. Bg5+ 1/2-1/2

[Event "Regency Masters 6th"]
[Site "Ramsgate"]
[Date "1984.12.15"]
[Round "8"]
[White "Blees, Albert"]
[Black "Dunnington, Angus J"]
[Result "1-0"]
[WhiteElo "2275"]
[BlackElo "2325"]
[PlyCount "51"]
[EventDate "1984.12.08"]
[EventType "swiss"]
[EventRounds "9"]
[EventCountry "ENG"]
[SourceTitle "BritBase"]
[Source "John Saunders"]
[SourceDate "2020.09.07"]
[SourceVersion "1"]
[SourceVersionDate "2020.09.07"]
[SourceQuality "2"]

1. e4 c6 2. d3 d5 3. Nd2 g6 4. g3 e5 5. Bg2 Bg7 6. Ngf3 Ne7 7. O-O O-O 8. Re1
Qc7 9. b4 a5 10. bxa5 Rxa5 11. Bb2 Nd7 12. exd5 cxd5 13. c4 b5 14. Nb3 Ra4 15.
cxb5 f6 16. Nbd2 Qa5 17. Nd4 Nb6 18. a3 Re8 19. N2b3 Qa8 20. Nc5 Ra5 21. Ndb3
Ra7 22. Qd2 Nf5 23. Qb4 Na4 24. b6 Nxb2 25. bxa7 Qxa7 26. Rab1 1-0

[Event "Regency Masters 6th"]
[Site "Ramsgate"]
[Date "1984.12.15"]
[Round "8"]
[White "Bosboom, Manuel"]
[Black "Povah, Nigel Edward"]
[Result "0-1"]
[WhiteElo "2380"]
[BlackElo "2355"]
[PlyCount "70"]
[EventDate "1984.12.08"]
[EventType "swiss"]
[EventRounds "9"]
[EventCountry "ENG"]
[SourceTitle "BritBase"]
[Source "John Saunders"]
[SourceDate "2020.09.07"]
[SourceVersion "1"]
[SourceVersionDate "2020.09.07"]
[SourceQuality "2"]

1. e4 c5 2. c3 d6 3. d4 Nf6 4. f3 b6 5. Be3 e6 6. Bd3 Be7 7. Ne2 Bb7 8. Nd2 O-O
9. O-O Nc6 10. a3 Rc8 11. b4 cxd4 12. cxd4 a6 13. Qb1 g6 14. Rc1 b5 15. Bf2 Nd7
16. a4 d5 17. axb5 axb5 18. Bxb5 Nxb4 19. Ra4 Rxc1+ 20. Nxc1 Nc6 21. exd5 exd5
22. Nd3 Qb6 23. Nf4 Nf6 24. Bd3 Qc7 25. Ne2 Rb8 26. Bg3 Bd6 27. Qc1 Bxg3 28.
hxg3 Qe7 29. Nf1 Nb4 30. Bb5 Bc6 31. Bxc6 Qxe2 32. Qf4 Nxc6 33. Qxf6 Rb2 34.
Ra8+ Nb8 35. Rxb8+ Rxb8 0-1

[Event "Regency Masters 6th"]
[Site "Ramsgate"]
[Date "1984.12.15"]
[Round "8"]
[White "Carlier, Bruno"]
[Black "Forintos, Gyozo V"]
[Result "1/2-1/2"]
[WhiteElo "2230"]
[BlackElo "2425"]
[PlyCount "28"]
[EventDate "1984.12.08"]
[EventType "swiss"]
[EventRounds "9"]
[EventCountry "ENG"]
[SourceTitle "BritBase"]
[Source "John Saunders"]
[SourceDate "2020.09.07"]
[SourceVersion "1"]
[SourceVersionDate "2020.09.07"]
[SourceQuality "2"]

1. e4 c5 2. Nf3 e6 3. d4 cxd4 4. Nxd4 Nc6 5. Nc3 a6 6. f4 Nxd4 7. Qxd4 Ne7 8.
Be3 b5 9. Be2 Nc6 10. Qd2 d6 11. O-O Qc7 12. f5 Ne5 13. fxe6 fxe6 14. a4 Nc4
1/2-1/2

[Event "Regency Masters 6th"]
[Site "Ramsgate"]
[Date "1984.12.15"]
[Round "8"]
[White "Crawley, Gavin"]
[Black "Solomon, Stephen J"]
[Result "0-1"]
[WhiteElo "2300"]
[BlackElo "2250"]
[PlyCount "80"]
[EventDate "1984.12.08"]
[EventType "swiss"]
[EventRounds "9"]
[EventCountry "ENG"]
[SourceTitle "BritBase"]
[Source "John Saunders"]
[SourceDate "2020.09.07"]
[SourceVersion "1"]
[SourceVersionDate "2020.09.07"]
[SourceQuality "2"]

1. e4 e5 2. f4 Bc5 3. Nf3 d6 4. Nc3 Nc6 5. Na4 Bg4 6. Nxc5 dxc5 7. fxe5 Nxe5 8.
Be2 Bxf3 9. Bxf3 Qd4 10. d3 O-O-O 11. Qe2 c4 12. dxc4 Nf6 13. Be3 Qxb2 14. O-O
Qc3 15. Rab1 Qxc4 16. Qe1 Rhe8 17. Rb4 Qxa2 18. Qc3 a6 19. Rfb1 b5 20. Bb6 Rd7
21. Ra1 Qe6 22. Rxa6 Qc6 23. Qxc6 Nxc6 24. e5 Rd1+ 25. Bxd1 Nxb4 26. Ra7 cxb6
27. exf6 gxf6 28. Bf3 Re5 29. Rxf7 Nxc2 30. Rxf6 Nd4 31. Bg4+ Kc7 32. Rf7+ Kc6
33. Rxh7 b4 34. Rh8 b3 35. Rc8+ Kb5 36. Rc1 Kb4 37. Rb1 Kc3 38. Rc1+ Nc2 39.
Bd1 Kb2 40. Rxc2+ bxc2 0-1

[Event "Regency Masters 6th"]
[Site "Ramsgate"]
[Date "1984.12.15"]
[Round "8"]
[White "Eslon, Jaan"]
[Black "Renet, Olivier"]
[Result "1-0"]
[WhiteElo "2445"]
[BlackElo "2250"]
[PlyCount "77"]
[EventDate "1984.12.08"]
[EventType "swiss"]
[EventRounds "9"]
[EventCountry "ENG"]
[SourceTitle "BritBase"]
[Source "John Saunders"]
[SourceDate "2020.09.07"]
[SourceVersion "1"]
[SourceVersionDate "2020.09.07"]
[SourceQuality "2"]

1. d4 Nf6 2. c4 c5 3. d5 b5 4. cxb5 a6 5. e3 g6 6. Nc3 Bg7 7. Nf3 O-O 8. a4 Bb7
9. Be2 e6 10. dxe6 fxe6 11. Qd6 Qc8 12. O-O axb5 13. Nxb5 Ne4 14. Qd1 Qc6 15.
Rb1 d5 16. b3 Nd7 17. Bb2 e5 18. Ne1 Rad8 19. Nd3 Rfe8 20. f3 Nef6 21. Nf2 Bh6
22. e4 dxe4 23. Nxe4 Nxe4 24. fxe4 Qxe4 25. Bc4+ Kh8 26. Qe2 Be3+ 27. Kh1 Nb6
28. Nc3 Qd4 29. Nd1 Qd2 30. Qxd2 Bxd2 31. Rf8+ Kg7 32. Rf7+ Kh6 33. Rxb7 Nxc4
34. bxc4 e4 35. h4 e3 36. g4 Rg8 37. Bf6 e2 38. Nf2 g5 39. Bxd8 1-0

[Event "Regency Masters 6th"]
[Site "Ramsgate"]
[Date "1984.12.15"]
[Round "8"]
[White "Fuller, Maxwell L"]
[Black "Mednis, Edmar J"]
[Result "1/2-1/2"]
[WhiteElo "2335"]
[BlackElo "2460"]
[PlyCount "79"]
[EventDate "1984.12.08"]
[EventType "swiss"]
[EventRounds "9"]
[EventCountry "ENG"]
[SourceTitle "BritBase"]
[Source "John Saunders"]
[SourceDate "2020.09.07"]
[SourceVersion "1"]
[SourceVersionDate "2020.09.07"]
[SourceQuality "2"]

1. Nf3 Nf6 2. g3 g6 3. Bg2 Bg7 4. O-O O-O 5. d3 d6 6. e4 c5 7. Nc3 Nc6 8. Nd5
Rb8 9. Nxf6+ Bxf6 10. c3 e5 11. Be3 b6 12. Qd2 Bg7 13. d4 exd4 14. cxd4 Bg4 15.
d5 Na5 16. Bg5 Qd7 17. Rac1 f5 18. Nh4 fxe4 19. Bxe4 Rbe8 20. f3 Bh3 21. Rfe1
Qa4 22. b3 Qd4+ 23. Kh1 Qxd2 24. Bxd2 Bd7 25. Bd3 Rxe1+ 26. Rxe1 Re8 27. Rxe8+
Bxe8 28. Bxa5 bxa5 29. a4 Bf7 30. Bc4 Bc3 31. f4 Be8 32. Kg2 Bd7 33. Kf3 Kf7
34. g4 Bg7 {[bulletin says Ba7]} 35. Ng2 h5 36. g5 Bg4+ 37. Kg3 Bf5 38. Kf2 Be4
39. h4 Bxg2 40. Kxg2 {[some discrepancies in the score but this looks right]}
1/2-1/2

[Event "Regency Masters 6th"]
[Site "Ramsgate"]
[Date "1984.12.15"]
[Round "8"]
[White "Gil Capape, Javier"]
[Black "Delanoy, Arnaud"]
[Result "1/2-1/2"]
[WhiteElo "2175"]
[BlackElo "2000"]
[PlyCount "82"]
[EventDate "1984.12.08"]
[EventType "swiss"]
[EventRounds "9"]
[EventCountry "ENG"]
[SourceTitle "BritBase"]
[Source "John Saunders"]
[SourceDate "2020.09.07"]
[SourceVersion "1"]
[SourceVersionDate "2020.09.07"]
[SourceQuality "2"]

1. d4 e6 2. c4 f5 3. Nc3 d5 4. Nf3 c6 5. g3 Bd6 6. Bg2 Nf6 7. O-O O-O 8. Bg5
Qe8 9. Qc1 Qh5 10. Bf4 Bxf4 11. Qxf4 Ne4 12. Ne5 g5 13. Qc1 Nxc3 14. Qxc3 Nd7
15. Nxd7 Bxd7 16. f3 f4 17. e3 Rf6 18. exf4 gxf4 19. g4 Qh4 20. c5 Rh6 21. h3
Qg3 22. Qe1 Rxh3 23. Qxg3 Rxg3 24. Rae1 h5 25. Re5 hxg4 26. Rg5+ Kh7 27. fxg4
Rf8 28. Kf2 Kh6 29. Rh5+ Kg6 30. Rfh1 Rxg4 31. Bf3 Rg5 32. Rh7 Bc8 33. Bd1 Kf6
34. Bc2 Rg7 35. R1h6+ Kf7 36. Bg6+ Kf6 37. Be8+ Kg5 38. Rh5+ Kf6 39. R5h6+ Kg5
40. Rh5+ Kf6 41. R5h6+ Kg5 1/2-1/2

[Event "Regency Masters 6th"]
[Site "Ramsgate"]
[Date "1984.12.15"]
[Round "8"]
[White "Grooten, Herman"]
[Black "Knoppert, Erik GJ"]
[Result "1-0"]
[WhiteElo "2310"]
[BlackElo "2260"]
[PlyCount "59"]
[EventDate "1984.12.08"]
[EventType "swiss"]
[EventRounds "9"]
[EventCountry "ENG"]
[SourceTitle "BritBase"]
[Source "John Saunders"]
[SourceDate "2020.09.07"]
[SourceVersion "1"]
[SourceVersionDate "2020.09.07"]
[SourceQuality "2"]

1. d4 Nf6 2. Nf3 g6 3. c4 c5 4. d5 b5 5. cxb5 a6 6. e3 Bg7 7. Nc3 O-O 8. a4 d6
9. e4 axb5 10. Bxb5 Ba6 11. Bg5 h6 12. Bh4 Nxe4 13. Rc1 Bxb5 14. axb5 Nf6 15.
O-O Nbd7 16. Re1 Re8 17. h3 Nb6 18. Qd3 Qd7 19. Nh2 Qb7 20. Rcd1 Na4 21. Re2
Ra5 22. Bxf6 Bxf6 23. Ne4 Be5 24. Ng4 Nxb2 25. Qd2 Qxb5 26. Rde1 Bg7 27. Nxd6
exd6 28. Rxe8+ Kh7 29. Qf4 f5 30. R1e7 1-0

[Event "Regency Masters 6th"]
[Site "Ramsgate"]
[Date "1984.12.15"]
[Round "8"]
[White "Hanreck, Alan E"]
[Black "Littlewood, Paul E"]
[Result "0-1"]
[WhiteElo "2275"]
[BlackElo "2435"]
[PlyCount "86"]
[EventDate "1984.12.08"]
[EventType "swiss"]
[EventRounds "9"]
[EventCountry "ENG"]
[SourceTitle "BritBase"]
[Source "John Saunders"]
[SourceDate "2020.09.07"]
[SourceVersion "1"]
[SourceVersionDate "2020.09.07"]
[SourceQuality "2"]

1. e4 e5 2. Nc3 d6 3. Bc4 Be6 4. Bxe6 fxe6 5. Nf3 Nf6 6. O-O c5 7. d3 Be7 8.
Ng5 Qd7 9. f4 exf4 10. Bxf4 Nc6 11. Bg3 O-O 12. e5 Nxe5 13. Bxe5 dxe5 14. Qe2
Bd6 15. Rae1 Qe7 16. Nf3 Nd7 17. Qe4 Rab8 18. Nd2 Nf6 19. Qc4 a6 20. a4 Qd7 21.
a5 Bc7 22. Nb3 Rbc8 23. Kh1 Qc6 24. Ra1 Nd5 25. Nxd5 Rxf1+ 26. Rxf1 exd5 27.
Qxc5 Qxc5 28. Nxc5 Bxa5 29. Nxb7 Bb6 30. c3 Rb8 31. Nd6 Bc5 32. Nf5 Rxb2 33. d4
exd4 34. cxd4 Bf8 35. g3 Rb3 36. Re1 a5 37. Re8 g6 38. Nd6 Rb6 39. Nc8 Ra6 40.
Re2 a4 41. Kg2 a3 42. Ra2 Kf7 43. Kf3 Ke6 0-1

[Event "Regency Masters 6th"]
[Site "Ramsgate"]
[Date "1984.12.15"]
[Round "8"]
[White "Hebden, Mark L"]
[Black "Martin, Andrew D"]
[Result "1-0"]
[WhiteElo "2480"]
[BlackElo "2445"]
[PlyCount "79"]
[EventDate "1984.12.08"]
[EventType "swiss"]
[EventRounds "9"]
[EventCountry "ENG"]
[SourceTitle "BritBase"]
[Source "John Saunders"]
[SourceDate "2020.09.07"]
[SourceVersion "1"]
[SourceVersionDate "2020.09.07"]
[SourceQuality "2"]

1. e4 c6 2. d4 d5 3. exd5 cxd5 4. c4 Nc6 5. Nc3 e5 6. Nf3 Bb4 7. cxd5 Qxd5 8.
Bd2 Bxc3 9. Bxc3 e4 10. Ne5 Nxe5 11. dxe5 Ne7 12. Qa4+ Bd7 13. Qa3 Qe6 14. Rd1
O-O 15. Be2 Bc6 16. Rd6 Qf5 17. Qc5 Ng6 18. Qd4 Nf4 19. e6 Qg5 20. exf7+ Kh8
21. Bc4 Nd3+ 22. Ke2 Rad8 23. h4 Qg4+ 24. Kd2 e3+ 25. Kxe3 Qxd4+ 26. Rxd4 Ne5
27. Bb3 Rxd4 28. Bxd4 Nxf7 29. f3 a6 30. Kf2 Nh6 31. h5 Ng4+ 32. Kg3 Nf6 33. h6
gxh6 34. Rxh6 Kg7 35. Rh4 Bd7 36. Bc2 h6 37. Rf4 Be6 38. a3 Bd7 39. Kh4 Rf7 40.
g4 1-0

[Event "Regency Masters 6th"]
[Site "Ramsgate"]
[Date "1984.12.15"]
[Round "8"]
[White "Jagerflod, Kent"]
[Black "Cuijpers, Frans Andre"]
[Result "0-1"]
[WhiteElo "1950"]
[BlackElo "2365"]
[PlyCount "62"]
[EventDate "1984.12.08"]
[EventType "swiss"]
[EventRounds "9"]
[EventCountry "ENG"]
[SourceTitle "BritBase"]
[Source "John Saunders"]
[SourceDate "2020.09.07"]
[SourceVersion "1"]
[SourceVersionDate "2020.09.07"]
[SourceQuality "2"]

1. d4 Nf6 2. Nf3 d5 3. e3 c6 4. Bd3 Bg4 5. O-O Nbd7 6. Nbd2 e6 7. c3 Bd6 8. e4
dxe4 9. Nxe4 Nxe4 10. Bxe4 Qc7 11. h3 Bh5 12. Re1 Nf6 13. Bd3 O-O-O 14. Be2 h6
15. Qa4 a6 16. b4 g5 17. c4 g4 18. hxg4 Nxg4 19. b5 axb5 20. cxb5 cxb5 21. Qxb5
Bh2+ 22. Kf1 Rd5 23. Qc4 Kb8 24. Rb1 Bg6 25. Rb2 Bd6 26. Bd2 Rc8 27. Qa4 Bc2
28. Qa6 Rh5 29. g3 Be4 30. Kg1 Bxg3 31. Rc1 Bxf2+ 0-1

[Event "Regency Masters 6th"]
[Site "Ramsgate"]
[Date "1984.12.15"]
[Round "8"]
[White "Janssen, Han"]
[Black "De Boer, Gert Jan"]
[Result "1-0"]
[WhiteElo "2285"]
[BlackElo "2335"]
[PlyCount "73"]
[EventDate "1984.12.08"]
[EventType "swiss"]
[EventRounds "9"]
[EventCountry "ENG"]
[SourceTitle "BritBase"]
[Source "John Saunders"]
[SourceDate "2020.09.07"]
[SourceVersion "1"]
[SourceVersionDate "2020.09.07"]
[SourceQuality "2"]

1. e4 c5 2. Nf3 e6 3. d4 cxd4 4. Nxd4 Nf6 5. Nc3 d6 6. f4 a6 7. Qf3 Nbd7 8. g4
e5 9. Nf5 g6 10. Ng3 exf4 11. Bxf4 Nc5 12. g5 Nfd7 13. Bc4 Ne6 14. Rf1 Nxg5 15.
Qe3 Ne6 16. O-O-O Qb6 17. Qf3 Qc5 18. Bxe6 fxe6 19. e5 Nxe5 20. Bxe5 Qxe5 21.
Kb1 Qg7 22. Nge4 Be7 23. Nxd6+ Bxd6 24. Rxd6 Rf8 25. Qd3 Rxf1+ 26. Qxf1 Bd7 27.
Qd3 Rd8 28. Ne4 Qe7 29. Qd4 e5 30. Qd5 Kf8 31. b3 Qf7 32. Qxe5 Re8 33. Qc5 Kg8
34. Nf6+ Kh8 35. Nxd7 Re1+ 36. Kb2 Qg7+ 37. Nf6 1-0